| 000 | 00460nam a22001697a 4500 | ||
|---|---|---|---|
| 999 |
_c23457 _d23457 |
||
| 003 | NUST | ||
| 005 | 20190411065325.0 | ||
| 008 | 131031b xxu||||| |||| 00| 0 eng d | ||
| 020 | _cAvailable | ||
| 038 | _aNusrat Nadeem | ||
| 040 |
_aDLC _bDLC _cRCMS |
||
| 082 | _a515.15 SAN | ||
| 100 |
_aSanaullah Bhatti _914096 |
||
| 245 |
_aCalculus and Analytic Geometry ClassXII _cSanaullah Bhatti |
||
| 260 |
_aLahore _bPunjab Text Book Board _c2001 |
||
| 942 |
_2ddc _cBK |
||